00315nam a2200121 a 450000500170000000800410001705000080005810000150006624500380008126000310011965000080015065000350015820141022142007.0091012s19uu xx 00 eng d aAVM aJones, Leo aLet's Talk 1 :bTeacher's Manual. bCambridge Unversity Press. aVCD aLet's Talk 1: Teacher's Manual